Lexicon Graeco-Latinum in libros Novi Testamenti
Gespeichert in:
| 1. Verfasser: | |
|---|---|
| Format: | Buch |
| Sprache: | Altgriechisch Latein |
| Veröffentlicht: |
Leipzig
E. Zehl
1903
|
| Ausgabe: | 4a. ed |
| Schriftenreihe: | Christianiti Gottlobi Wilkii
|
| Schlagworte: | |
| Tags: |
Tag hinzufügen
Keine Tags, Fügen Sie den ersten Tag hinzu!
|
MARC
| LEADER | 00000cam a2200000 a 4500 | ||
|---|---|---|---|
| 001 | UCD2822 | ||
| 003 | CL-VaPUC | ||
| 008 | 160512e19030000gw |||||||||||||||||grc|d | ||
| 041 | 0 | 7 | |a grc |2 CL-VaPUC |
| 041 | 0 | 7 | |a lat |2 CL-VaPUC |
| 082 | 0 | 4 | |a 483.7 |b GRI |2 21 |
| 100 | 0 | |a Grimm, Carolo Ludov Wilibaldo |e author |9 586182 | |
| 245 | 1 | 0 | |a Lexicon Graeco-Latinum in libros Novi Testamenti |
| 250 | |a 4a. ed | ||
| 300 | |a 474 p | ||
| 942 | |c BK | ||
| 945 | |d 20160512 21:36:00 |a dcastane | ||
| 260 | |a Leipzig |b E. Zehl |c 1903 | ||
| 650 | 0 | |a Lexicología |9 323170 | |
| 650 | 7 | |a GRIEGO |2 CL-VaPUC |9 317586 | |
| 650 | 0 | |a Diccionarios |9 256200 | |
| 650 | 0 | |a Nuevo testamento |9 257604 | |
| 583 | |a last modification |c 20160512 21:36:00 |k Rodrigo Vera | ||
| 490 | 0 | |a Christianiti Gottlobi Wilkii | |
| 999 | |c 363933 |d 363931 | ||
| 952 | |0 0 |1 0 |3 erd |4 0 |6 483_700000000000000_GRI_1903 |7 0 |8 X |9 476777 |a BIBTEO |b BIBTEO |c TEO_FFR |i 523123K |o 483.7 GRI 1903 |p 523123K |r 2024-01-18 |w 2019-11-24 |y BK_X |z Catalogado en:20160512 |k OFM | ||